Colombia no alineada : (Registro nro. 5232)

Detalles MARC
000 -LEADER
fixed length control field 01029nam a2200205Ia 4500
003 - CONTROL NUMBER IDENTIFIER
control field OSt
005 - DATE AND TIME OF LATEST TRANSACTION
control field 20200507105702.0
008 - FIXED-LENGTH DATA ELEMENTS--GENERAL INFORMATION
fixed length control field 191128s1983 ck gr 100 0 spa d
040 ## - CATALOGING SOURCE
Original cataloging agency CO-JMCR
Transcribing agency CO-JMCR
041 0# - LANGUAGE CODE
Language code of text/sound track or separate title spa
082 04 - DEWEY DECIMAL CLASSIFICATION NUMBER
Classification number 327.172 /
Item number F727c
Edition number 23
111 2# - MAIN ENTRY--MEETING NAME
Meeting name or jurisdiction name as entry element Foro Colombia los no alineados y el nuevo orden económico internacional
Date of meeting or treaty signing (1983 :
Location of meeting Bogotá)
9 (RLIN) 4064
245 10 - TITLE STATEMENT
Title Colombia no alineada :
Remainder of title memoria de un foro y declaración de Nueva Delhi, 1983 /
Statement of responsibility, etc. Marco Palacios compilador
260 ## - PUBLICATION, DISTRIBUTION, ETC.
Place of publication, distribution, etc. Bogotá :
Name of publisher, distributor, etc. Biblioteca Banco Popular
Date of publication, distribution, etc. 1983
300 ## - PHYSICAL DESCRIPTION
Extent 229 páginas ;
Dimensions 24 cm.
505 0# - FORMATTED CONTENTS NOTE
Formatted contents note El movimiento de los no alineados: historia y perspectivas -- Colombia y el nuevo orden económico internacional -- El interés nacional y el ingreso a los no alineados -- Mesa redonda: la actual política internacional de Colombia
650 14 - SUBJECT ADDED ENTRY--TOPICAL TERM
Topical term or geographic name entry element Relaciones internacionales
Form subdivision congresos, seminarios, etc.
Geographic subdivision Colombia
9 (RLIN) 4065
650 14 - SUBJECT ADDED ENTRY--TOPICAL TERM
Topical term or geographic name entry element Política internacional
Form subdivision congresos, seminarios, etc.
Geographic subdivision Colombia
9 (RLIN) 4066
942 ## - ADDED ENTRY ELEMENTS (KOHA)
Source of classification or shelving scheme Dewey Decimal Classification
Koha item type Books
Existencias
Withdrawn status Lost status Source of classification or shelving scheme Damaged status Not for loan Collection code Home library Current library Date acquired Source of acquisition Cost, normal purchase price Total Checkouts Full call number Barcode Date last seen Copy number Koha item type Public note
    Dewey Decimal Classification     Non-fiction Biblioteca Pública José María del Castillo y Rada Biblioteca Pública José María del Castillo y Rada 04/15/2018 Donación 0.00   327.172 / F727c 430001664 05/16/2024 Ej.1 Books Exlibris: algunas páginas rayadas